| Tag |
First Indicator |
Second Indicator |
Subfields |
| LEADER |
00000cam a2200000 4500 |
| 001 |
in00000049719 |
| 005 |
20151007073726.0 |
| 008 |
730209s1966 enka b 00010 eng u |
| 010 |
|
|
|a 66020039
|
| 035 |
|
|
|a (OCoLC)00556821
|
| 035 |
|
|
|9 AAF0261AM
|
| 040 |
|
|
|c WSU
|d TXA
|d UtOrBLW
|
| 049 |
|
|
|a TXAM
|c [465464]
|
| 050 |
|
0 |
|a QP44
|b .C47
|
| 092 |
|
|
|a 591.028
|b C594p, 1966
|
| 100 |
1 |
|
|a Clark, R. B.
|q (Robert Bernard),
|d 1923-
|
| 245 |
1 |
2 |
|a A practical course in experimental zoology /
|c [by] R. B. Clark.
|
| 264 |
|
1 |
|a London,
|a New York :
|b Wiley,
|c 1966.
|
| 300 |
|
|
|a ix, 206 pages :
|b illustrations ;
|c 24 cm.
|
| 336 |
|
|
|a text
|b txt
|2 rdacontent
|
| 337 |
|
|
|a unmediated
|b n
|2 rdamedia
|
| 338 |
|
|
|a volume
|b nc
|2 rdacarrier
|
| 504 |
|
|
|a Includes bibliographies.
|
| 650 |
|
0 |
|a Zoology, Experimental
|x Laboratory manuals.
|
| 740 |
0 |
|
|a Experimental zoology.
|
| 999 |
|
|
|a MARS
|
| 999 |
f |
f |
|s 45dcf615-61d2-33e0-a090-4857b140502d
|i 1d9c0a98-52b0-3692-bba4-5bae6f81326c
|t 0
|
| 952 |
f |
f |
|p ric
|a Texas A&M University
|b Rellis Campus
|c Joint Library Facility
|d Remote Storage
|t 0
|e QP44 .C47
|h Library of Congress classification
|i unmediated -- volume
|m A14801005199
|
| 998 |
f |
f |
|a QP44 .C47
|t 0
|l Remote Storage
|